00821nam a22002177a 450000500170000001000150001702000260003203500140005803700130007208200110008510000240009624500210012025000060014126000500014727000710019730000200026850001190028894200250040799900190043295201520045120240319145801.0 aENG-139770 a9789354423291c110.00 aEN-123302 bDBAD/PUB a88322 aKawlra Aarti963570 aProse Parasbles/ a2 aHyderabadbOrient Blackswan Private Ltdc2017 a3-6-752, Himayatnagar bHyderabade500029minfo@orintblackswan.com a77p.c22cm(pbk) aPrescribed for the 1st Year BA Compulsory English Course of Punjabi University, Patiala and Its Affilated Colleges 2ddccENh883mPROe2 c201593d201593 001040708NFICaLbLd2024-03-19eDBAD/PUBg110.00l1o883 PROpEN-123302q2026-07-06r2026-06-22 12:50:18s2026-06-22t1v110.00w2024-03-19yEN